00692nam a2200205Ia 4500003000900000008004100009020001800050040001600068080001200084100002400096245011700120260005100237300001000288650001800298650004100316650001900357942000700376999001500383952008800398IN-BaIIA211028s9999 xx 000 0 eng d a0-563-17091-3 cIIA Library a52bCAL aCalder, Nigel93807 4aThe key to the universeba report on the new physicscNigel Calder  aLondonbBritish Broadcasting Corporationc1977 a196p. aAstronomy980 aAstronomy and astrophysics thesaurus aUniverse91987 cBK c5657d5657 00104070aBANbBANcGENd1977-12-06l0o52/ CALp6329r2021-11-05w1977-12-06yBK